000 00368nam a22001577a 4500
003 MPLRDC
005 20220104124837.0
008 210129b ||||| |||| 00| 0 eng d
082 _a857.9 JY-3 v.4 c.4
100 _a金庸著
245 _a射雕英雄传. 四
_c
260 _a
_b明河出版社
_c
300 _b
650 _a
942 _cBK
_o857.9 JY-3 v.4 c.4
999 _c22598
_d22588